Critical comunication theory : (Record no. 6243)

MARC details
000 -LEADER
fixed length control field 00867cam a22002532 4500
001 - CONTROL NUMBER
control field 0000003136
005 - DATE AND TIME OF LATEST TRANSACTION
control field 20151217151916.0
008 - FIXED-LENGTH DATA ELEMENTS--GENERAL INFORMATION
fixed length control field 070430s xx 000 0 eng d
020 ## - INTERNATIONAL STANDARD BOOK NUMBER
International Standard Book Number 074252373X :
Terms of availability KES 2,200
040 ## - CATALOGING SOURCE
Original cataloging agency KABU
Transcribing agency KABU
050 #0 - LIBRARY OF CONGRESS CALL NUMBER
Classification number HM651
Item number .J36
100 1# - MAIN ENTRY--PERSONAL NAME
Personal name Jansen, Sue Curry.
-- 0000152795
245 10 - TITLE STATEMENT
Title Critical comunication theory :
Remainder of title new media, science, technology, and gender /
Statement of responsibility, etc. Sue Curry Jansen.
260 ## - PUBLICATION, DISTRIBUTION, ETC. (IMPRINT)
Place of publication, distribution, etc. Lanham :
Name of publisher, distributor, etc. Rowman & Littlefield,
Date of publication, distribution, etc. c2002.
300 ## - PHYSICAL DESCRIPTION
Extent x, 275 p. ;
Dimensions 23 cm.
440 #0 - SERIES STATEMENT/ADDED ENTRY--TITLE
Title Critical media studies
-- 0000152796
504 ## - BIBLIOGRAPHY, ETC. NOTE
Bibliography, etc Includes bibliographical references and index.
650 #0 - SUBJECT ADDED ENTRY--TOPICAL TERM
Topical term or geographic name as entry element Communication
General subdivision Social aspects.
-- 0000152797
650 #0 - SUBJECT ADDED ENTRY--TOPICAL TERM
Topical term or geographic name as entry element Knowledge, Sociology of.
-- 0000152798
650 #0 - SUBJECT ADDED ENTRY--TOPICAL TERM
Topical term or geographic name as entry element Ideology.
-- 0000152799
908 ## - PUT COMMAND PARAMETER (RLIN)
Put command parameter 070430
950 ## - LOCAL HOLDINGS (RLIN)
-- 1
Holdings
Withdrawn status Lost status Source of classification or shelving scheme Not for loan Home library Current library Date acquired Total Checkouts Full call number Barcode Date last seen Price effective from Koha item type
    Library of Congress Classification   Kabarak, Main Campus Kabarak, Main Campus 17/12/2015   HM651 .J36 007698 17/12/2015 17/12/2015 General Collection
Designed with assistance from East African Informatics Ltd